A mi que me esculquen (Registro nro. 54307)
[ vista simple ]
| 000 -ENCABEZADO | |
|---|---|
| Número de control [NR] | 00770nam a2200205 i 4500 |
| 005 - FECHA Y HORA DE LA ÚLTIMA TRANSACCIÓN | |
| control field | 20211111074913.0 |
| 008 - DE LONGITUD FIJA DE DATOS DE ELEMENTOS - INFORMACIÓN GENERAL | |
| Elementos de longitud fija [NR] | 160628s1980 ck a 000 h spa |
| 040 ## - FUENTE DE CATALOGACION [NR] | |
| Agencia de catalogación original [NR] | Co-BoUCM |
| Quien Cataloga | David Avila (modificó) |
| Quien Clasifica | David Avila (modificó) |
| Idioma de catalogación [NR] | spa |
| 041 0# - CODIGO DE IDIOMA [R] | |
| Código de idioma para texto/pista de sonido o título separado [R] | Español |
| 100 2# - ASIENTO PRINCIPAL--NOMBRE PERSONAL [NR] | |
| Nombre personal [NR] | Samper Pizano, Daniel |
| ID Autoridad | 50632 |
| 245 10 - MENCION DE TITULO [NR] | |
| Título [NR] | A mi que me esculquen |
| Mención de responsabilidad, etc. [NR] | Daniel Samper |
| 260 ## - PUBLICACION, DISTRIBUCION, ETC. (PIE DE IMPRENTA) [R] | |
| Lugar de publicación, distribución, etc. [R] | Bogotá (Colombia) |
| Nombre del editor, distribuidor, etc. [R] | Editorial Pluma |
| Fecha de publicación, distribución, etc. [R] | 1982 |
| 300 ## - DESCRIPCION FISICA [R] | |
| Extensión [R] | 410, [6] páginas |
| 500 ## - NOTA GENERAL [R] | |
| Nota general [NR] | "Visto por Klim"--portada. |
| 650 04 - ASIENTO SECUNDARIO DE MATERIA - TERMINO TEMATICO [R] | |
| Término temático o nombre geográfico como elemento de entrada [NR] | Humorismo colombiano |
| Subdivisión cronológica [R] | Siglo XX |
| 9 (RLIN) | 77994 |
| 651 #4 - ASIENTO SECUNDARIO DE MATERIA - NOMBRE GEOGRAFICO [R] | |
| Nombre geográfico [NR] | Colombia |
| Subdivisión general [R] | Vida social y costumbres |
| Subdivisión de forma [R] | Anécdotas, chistes, sátiras, etc. |
| 9 (RLIN) | 77995 |
| 690 #0 - ASUNTO AGREGADO LOCAL DE ENTRADA - TÉRMINO TEMÁTICO (OCLC, RLIN) | |
| Acceso temático local | Literatura colombiana |
| 9 (RLIN) | 18629 |
| 942 ## - ELEMENTOS DE ENTRADA AGREGADOS (KOHA) | |
| Sistema de clasificación | DEWEY |
| Tema principal | Literatura |
| Clasificación | C 867.44 |
| Prefijo de la signatura top. (colección) | Literatura - Colombia |
| Edición | 1 |
| Tipo de ítem principal el descrito en 300a | Libro |
| Parte restante de la signatura top. | S192a |
| Fecha de último préstamo | Total préstamos | Total Renewals | Signatura topográfica | Código de barras | Última vez visto | Ejemplar | Price effective from | Tipo de ítem | Perdido | Sistema de clasificación | Dañado | No prestable | Tipo de ítem específico | Suprimido | Ubicación habitual | Ubicación actual | Localización | Fecha de creación | Forma de adquisición | Costo |
|---|---|---|---|---|---|---|---|---|---|---|---|---|---|---|---|---|---|---|---|---|
| 03/02/2016 | 2 | 1 | C 867.44 S192a | 100062923 | 09/12/2025 | Ej.1 | 03/02/2013 | Libro | DEWEY | Libro | Claustro | Claustro | 2do piso | 19/02/2013 | Donación | 26000.00 |